| 000 | 00525nam a2200217Ia 4500 | ||
|---|---|---|---|
| 003 | OSt | ||
| 005 | 20140313130702.0 | ||
| 008 | 140130s9999 xx 000 0 und d | ||
| 020 | _a0439430119 | ||
| 050 |
_aPZ 7 _b.P75186Mn 2003 |
||
| 100 | _aPolacco, Patricia | ||
| 245 |
_aMr. Lincoln's way / _cPatricia Polacco. |
||
| 260 |
_bScholastic, _c2003. _anew York : |
||
| 300 |
_a38 p. : _bcol. ill. ; _c28 cm. |
||
| 440 | _v1 | ||
| 521 | _aG2 | ||
| 526 | _c450 | ||
| 942 |
_cBK _2lcc |
||
| 999 |
_c40389 _d40389 |
||